Arkansas Counties by Population - Statistics

General Stats
  • This quiz has been taken 45 times
  • The average score is 43 of 75
Answer Stats
Population County % Correct
293,692 Benton
100%
112,218 Craighead
100%
125,106 Faulkner
100%
100,330 Garland
100%
397,821 Pulaski
100%
125,233 Saline
100%
128,400 Sebastian
100%
250,057 Washington
100%
65,861 Jefferson
93%
77,207 White
93%
60,378 Crawford
86%
42,649 Miller
86%
63,789 Pope
86%
47,525 Crittenden
79%
46,317 Greene
79%
74,722 Lonoke
79%
20,873 Conway
64%
25,845 Johnson
64%
37,830 Boone
57%
4,741 Calhoun
57%
28,435 Carroll
57%
17,173 Franklin
57%
33,148 Hot Spring
57%
6,163 Lafayette
57%
19,353 Polk
57%
42,144 Baxter
50%
10,019 Chicot
50%
21,321 Clark
50%
25,015 Cleburne
50%
22,672 Columbia
50%
11,090 Desha
50%
18,090 Grant
50%
19,694 Hempstead
50%
37,723 Independence
50%
21,215 Logan
50%
16,960 Madison
50%
39,661 Mississippi
50%
7,204 Newton
50%
22,306 Ouachita
50%
22,660 Poinsett
50%
7,880 Searcy
50%
17,622 Sharp
50%
38,340 Union
50%
16,722 Arkansas
43%
18,674 Ashley
43%
10,408 Bradley
43%
14,350 Clay
43%
7,514 Cleveland
43%
16,681 Cross
43%
17,110 Drew
43%
12,145 Fulton
43%
12,698 Howard
43%
13,911 Izard
43%
16,811 Jackson
43%
16,292 Lawrence
43%
8,619 Lee
43%
13,037 Lincoln
43%
11,944 Little River
43%
16,978 Marion
43%
6,683 Monroe
43%
8,611 Montgomery
43%
8,187 Nevada
43%
9,964 Perry
43%
15,906 Phillips
43%
10,066 Pike
43%
8,135 Prairie
43%
18,865 Randolph
43%
9,822 Scott
43%
15,783 Sevier
43%
22,739 St. Francis
43%
12,481 Stone
43%
15,694 Van Buren
43%
6,116 Woodruff
43%
20,155 Yell
43%
6,308 Dallas
36%
No matching quizzes found
Score Distribution
Percent of People with Each Score
Percentile by Number Answered
Your Score History
You have not taken this quiz